000 00318nam a22001337a 4500
008 171123b xxu||||| |||| 00| 0 eng d
020 _a9780321194459
041 _aeng
080 _a004
100 _a35
101 _aSHK
245 _aNET FRAMEWORK STANDART LIBRARY ANNOTATED REFERENCE
_cABRAMS.B
942 _2udc
_cBK
999 _c38336
_d38336